Les équipes victimes de Frank Lampard - Statistiques

Statistiques générales
  • Ce quiz a été pris 19 fois
  • Le résultat moyen est 41 sur 99
Statistiques - réponses
Goals Equipes % Correct
5 Arsenal
100%
7 Manchester City
100%
7 Manchester United
100%
3 DC United
94%
8 Liverpool
94%
17 Aston Villa
89%
10 Everton
89%
8 Newcastle
89%
10 Tottenham
89%
3 Barcelone
83%
7 West Ham
83%
1 Atlético Madrid
78%
3 Bayern Munich
78%
1 Benfica
78%
2 Leeds
78%
2 Crystal Palace
72%
9 Southampton
72%
6 Leicester
67%
1 Nottingham Forest
67%
10 Sunderland
67%
1 Valence
67%
1 Chelsea
61%
1 Monaco
61%
1 Napoli
61%
1 Sheffield United
61%
5 Sheffield Wednesday
61%
2 Birmingham
56%
10 Blackburn
56%
3 Wolves
56%
1 Allemagne
50%
1 Bournemouth
50%
1 Espagne
50%
1 France
50%
9 Fulham
50%
3 Hull City
50%
1 Irlande
50%
2 Lazio
50%
4 Norwich
50%
1 Portugal
50%
1 Suisse
50%
6 WBA
50%
1 Brentford
44%
1 Brésil
44%
2 Watford
44%
7 Wigan
44%
1 Anderlecht
39%
1 Bordeaux
39%
2 Pays de Galles
39%
2 Autriche
33%
12 Bolton
33%
5 Croatie
33%
1 Grèce
33%
3 Ipswich Town
33%
1 Pologne
33%
1 Slovaquie
33%
6 Stoke City
33%
1 Swansea
33%
4 Charlton
28%
5 Derby County
28%
2 Huddersfield
28%
1 Irlande du Nord
28%
1 Islande
28%
11 Portsmouth
28%
1 Slovénie
28%
1 Ukraine
28%
1 Andorre
22%
2 Blackpool
22%
1 Coventry
22%
1 Fenerbahce
22%
2 Middlesbrough
22%
2 Moldavie
22%
1 Steaua Bucarest
22%
2 Wycombe
22%
1 Kazakhstan
17%
1 Metz
17%
1 Saint-Marin
17%
2 Barnsley
11%
3 Bradford
11%
1 Columbus Crew
11%
1 Jamaique
11%
1 Levski Sofia
11%
2 New England
11%
1 Olympiakos
11%
3 Reading
11%
1 Seattle Sounders
11%
1 Toronto
11%
1 Vancouver Whitecaps
11%
1 Walsall
11%
1 Wimbledon
11%
3 Colorado Rapids
6%
1 Heerenveen
6%
1 Impact Montréal
6%
1 Jokerit
6%
1 Kansas City
6%
3 Macclesfield
6%
1 Osijek
6%
1 Philadelphie
6%
1 Southend United
6%
1 Viking
6%
Aucun quiz correspondant
Distribution des résultats
% des personnes avec chaque résultat
Percentile par nombre de réponses
Votre historique - résultats
Vous n’avez pas pris ce quiz